000 00241nam a22001097a 4500
040 _cSK
082 _a171
100 _aKAMONPORN TONGUHAI
245 _aDiagnostic procedures for finfish diseasea
260 _aTHAILAND
_bKAM
_c1999
942 _cEK
999 _c8883
_d8883